[Event "Rouen op 9th"]
[Site "Rouen"]
[Date "2016.12.20"]
[Round "6"]
[White "Rocher, Elian"]
[Black "Nguyen, Tristan"]
[Result "1/2-1/2"]
[WhiteElo "1450"]
[BlackElo "1199"]
[PlyCount "74"]
[EventDate "2016.12.17"]
[EventType "swiss"]
[EventRounds "7"]
[EventCountry "FRA"]
[SourceTitle "CBM 176 Extra"]
[Source "ChessBase"]
[SourceDate "2017.03.02"]
[SourceVersion "1"]
[SourceVersionDate "2017.03.02"]
[SourceQuality "1"]

1. e4 c5 2. Nf3 e6 3. d4 cxd4 4. Nxd4 a6 5. Bc4 Nf6 6. Nd2 Nc6 7. N2f3 Qc7 8. a3 b5 9. Ba2 Bb7 10. c4 bxc4 11. Bxc4 Ne5 12. Nxe5 Qxe5 13. 0-0 Nxe4 14. Qe2 d5 15. Bd3 Bd6 16. Nf3 Qh5 17. Bb5+ Kf8 18. Bd3 g5 19. g3 f6 20. b4 Nc3 21. Qxe6 Be7 22. Nd4 Re8 23. Qb6 Bc8 24. Qc6 Nb5 25. Nxb5 axb5 26. Bxb5 Bh3 27. Re1 Qf3 28. Bf1 Bxf1 29. Rxf1 h5 30. Be3 h4 31. Rfe1 hxg3 32. fxg3 Kg7 33. Rad1 Rxh2 34. Qxd5 Qxg3+ 35. Kf1 Qh3+ 36. Kg1 Qg3+ 37. Kf1 Qh3+ 1/2-1/2